| 000 | 01025nam a2200217 i 4500 | ||
|---|---|---|---|
| 001 | 162220 | ||
| 003 | ES-MaACL | ||
| 005 | 20250810225314.0 | ||
| 008 | 041103s1881 sp |||| | spa d | ||
| 100 | 1 |
_aPizcueta, Félix, _d1837-1890 _992456 |
|
| 245 | 1 | 0 | _aDiscurso leído por Félix Pizcueta y Gallel en la apertura del curso académico de 1881 a 1882. |
| 260 |
_aValencia : _b[s.n.], _c1881 ( _fImp. de Manuel Alufre) |
||
| 300 |
_a23 p. ; _c23 cm. |
||
| 594 | _aPrecede al tít.: Ateneo de Valencia. | ||
| 594 | _aTema del discurso: De la poesía y su importancia en la historia. | ||
| 650 | 7 |
_aPoesía _2embne _916149 |
|
| 710 | 2 |
_aAteneo Científico-Literario de Valencia. _9170945 |
|
| 852 |
_aES-MaACL _jT-378-F-3 _z- Enc. hol. _q- Falto de cub. original _z- Enc. en un vol. facticio _z- Ejemplar repetido en este mismo tomo |
||
| 852 |
_aES-MaACL _jT-378-F-27 _z- Enc. hol. _q- Falto de la cub. original _z- Enc. en un vol. facticio _z- Ejemplar repetido en este mismo tomo |
||
| 999 |
_c162220 _d162220 |
||